1105 1325 1054 1769 1377 1580 1382 1757 1519 1134 1705 1097 1224 1539 1347 1277 1385 1504 1939 1548 1006 1049 1579 1900 1918 1192 1084 1614 1639 1886 1731 1440 1765 1556 1217 1019 1232 1612 1876 1908 1546 1415 1390 1939 1182 1015 1988 1029 1399 1456 1689 1840 1545 1732 1963 1212 1741 1139 1657 1159 1903 1753 1631 1643 1367 1646 1575 1977 1937 1540 1349 1409 1380 1220 1626 1876 1555 1420 1411 1215 1162 1835 1346 1857 1520 1183 1148 1959 1139 1565 1558 1294 1069 1297 1777 1259 1373 1676 1905 BCNSPRNW ULIB Ver.6.0+V

เปลี่ยนเป็นภาษาไทย

Change to English
 แสดงรายละเอียดบรรณานุกรม
  กลับหน้าหลัก

Brief Record : Get Marc (ISO 2709) : E-mail record : QR code < ปิดหน้าต่าง
LEADER : 00000nam 2200000uu 4500
001    13399110812
003     ULIB
008    110609s2011||||th 000 0 eng d
020    0763779865
024    9780763779863
060  4 WY86^bB989p 2011
100 0  Butts,Janie B.
245 00 Philosophies and Theories for Advanced Nursing Practice^cJanie B.Butts and Karen L.Rich
260    Sudbury, MA:^b Jones&Bartleftt Learning,^c2011
300    665 p:^bill,^b26 cm
650  7 Nursing^xTheory
650  7 Advance Practice Nursing
650  7 Evidence-based Nursing
700 0  Karen L.Rich
945    ^p2680^l0^i030134
995    Kesorn
999 ^a ใช้งานได้ทุกระบบ
รายการนี้ยังไม่มีแท็ก
คุณยังไม่ได้ล็อกอิน คุณสามารถมีกิจกรรมร่วมกับเว็บไซต์ได้ แต่ต้องล็อกอินก่อน ::
  ล็อกอิน

รายการสื่อสารสนเทศ

ลำดับที่ ประเภท เลขเรียก/บาร์โค้ด สถานที่ สถานะ
- ไม่พบข้อมูล -

รายการใกล้เคียง
    หัวเรื่อง [Nursing Theory]
    หัวเรื่อง [Evidence-based Nursing]

BibComment


ยังไม่เคยถูกคอมเมนท์

คอมเมนท์ทรัพยากรรายการนี้
  คอมเมนท์: Philosophies and ..


 Copyright 2026. Bcnsprnw @Library